000 00848nam a2200253Ia 4500
003 OSt
005 20220923221640.0
006 a|||||r|||| 00| 0
007 ta
008 220922b |||||||| |||| 00| 0 hin d
024 _a199,015
037 _cTextual
040 _aARTS
_cARTS
_bhin
041 _2hin
_ahin
082 _aP152;6:3, 152M4
100 _aशर्मा, प्रमोद कुमार
245 0 _aहिन्दी के निषेधवाचक वाक्य
246 _aHindī ke niṣhedhavāchak vākya
260 _aनई दिल्ली
_b ऋषभ चरण जैन
_c1984
300 _a100पृ.
_ccm.
650 _aहिन्दी भाषा
942 _hP152;6:3, 152M4
_cTEXL
_2CC
999 _c350794
_d350794